Sudden Death - Real Madrid Players - Statistics

General Stats
  • This quiz has been taken 563 times
  • The average score is 13 of 14
Answers on the Grid
Answers color-coded by a green-red scale on the quiz's grid according to % correct below.
Mbappé
C. Ronaldo
Ronaldo N.
Bellingham
Vini Jr.
Modrić
Kroos
Benzema
Raúl
Roberto Carlos
Beckham
Zidane
Sergio Ramos
Casillas
Messi
Griezmann
Haaland
Pelé
Cruyff
Maradona
Henry
Xavi
Iniesta
Ronaldinho
Neymar Jr.
Buffon
Suárez
Rafa Leão
Gerrard
Lampard
 
Answer Stats
Answer % Correct
C. Ronaldo
96%
Sergio Ramos
95%
Bellingham
94%
Benzema
94%
Casillas
94%
Modrić
94%
Vini Jr.
94%
Kroos
93%
Mbappé
93%
Roberto Carlos
93%
Zidane
93%
Beckham
92%
Raúl
91%
Ronaldo N.
90%
No matching quizzes found
Score Distribution
Percent of People with Each Score
Percentile by Number Answered
Your Score History
You have not taken this quiz